Statistics for Kpop Maknaes

Click here to take the quiz!

General Stats

  • This quiz has been taken 2,520 times
  • The average score is 12 of 28

Answer Stats

HintAnswer% Correct
BTSJungkook
94%
EXOSehun
81%
Got7Yugyeom
78%
SHINeeTaemin
77%
Red VelvetYeri
74%
MamamooHwasa
71%
SeventeenDino
69%
Big BangSeungri
69%
f(x)Krystal
60%
Miss ASuzy
56%
2ne1Minzy
52%
BtobSungjae
47%
Super JuniorKyuhyun
42%
SNSDSeohyun
42%
iKONChanwoo
38%
VIXXHyuk
34%
SistarDasom
31%
Girl's DayHyeri
29%
ApinkHayoung
24%
2PMChansung
23%
T-araJiyeon
21%
InfiniteSungjong
21%
TVXQChangmin
18%
B1A4Gongchan
17%
Teen TopChangjo
13%
MBLAQMir
13%
4MinuteSohyun
13%
LovelyzYein
11%

Score Distribution

Percentile by Number Answered

Percent of People with Each Score

Your Score History

You have not taken this quiz